Statistics for Countries that Visit Massachusetts the Most

Click here to take the quiz!

General Stats

  • This quiz has been taken 381 times
  • The average score is 10 of 12

Answer Stats

VisitorsCountry% Correct
677,000Canada
98%
143,312United Kingdom
97%
55,345France
93%
27,543Mexico (by air only)
93%
68,536Germany
92%
110,707China
90%
27,903Italy
87%
40,428Japan
84%
35,640Brazil
77%
46,437India
70%
35,656Ireland
68%
24,767South Korea
57%

Score Distribution

Percentile by Number Answered

Percent of People with Each Score

Your Score History

You have not taken this quiz